[Event "CAT-chT Honor Division 2019"]
[Site "Catalonia"]
[Date "2019.02.09"]
[Round "4.7"]
[White "Gonzalez Vericat, Sergio"]
[Black "Delisau Gil, Oriol"]
[Result "0-1"]
[WhiteElo "2122"]
[BlackElo "2197"]
[Annotator "NA"]
[PlyCount "112"]
[EventDate "2019.01.16"]
[EventType "team-tourn"]
[EventCountry "ESP"]
[SourceTitle "playchess.com"]
[Source "ChessBase"]
[SourceQuality "1"]
[WhiteTeam "Gerunda"]
[BlackTeam "Sant Andreu"]
[TimeControl "5400+30"]

1. b3 {[%emt 0:00:00]} d6 {[%emt 0:00:57]} 2. Bb2 {[%emt 0:02:30]} Nd7 {[%emt 0:00:36]} 3. e4 {[%emt 0:00:31]} Ngf6 {[%emt 0:01:07]} 4. d3 {[%emt 0:02:27]} g6 5. g3 {[%emt 0:00:29]} Bg7 {[%emt 0:00:47]} 6. Bg2 {[%emt 0:00:27]} O-O {[%emt 0:01:39]} 7. Ne2 {[%emt 0:01:23]} c6 {[%emt 0:10:45]} 8. O-O {[%emt 0:03:26]} e5 {[%emt 0:01:20]} 9. Nbc3 {[%emt 0:06:45]} Re8 {[%emt 0:04:33]} 10. a4 {[%emt 0:04:08]} Nf8 {[%emt 0:04:49]} 11. d4 {[%emt 0:23:05]} Ne6 {[%emt 0:00:28]} 12. dxe5 {[%emt 0:00:31]} dxe5 {[%emt 0:01:27]} 13. Qxd8 {[%emt 0:01:14]} Rxd8 {[%emt 0:06:29]} 14. Rfd1 {[%emt 0:03:41]} Bd7 {[%emt 0:02:00]} 15. a5 {[%emt 0:01:23]} Be8 {[%emt 0:00:30]} 16. Na4 {[%emt 0:20:18]} Nd7 {[%emt 0:06:25]} 17. Kf1 {[%emt 0:01:10]} Ndc5 {[%emt 0:00:09]} 18. Nxc5 {[%emt 0:00:30]} Nxc5 {[%emt 0:06:09]} 19. Ke1 {[%emt 0:04:44]} f6 {[%emt 0:00:19]} 20. Rxd8 {[%emt 0:00:14]} Rxd8 {[%emt 0:00:43]} 21. Rd1 {[%emt 0:00:30]} Rxd1+ {[%emt 0:00:30]} 22. Kxd1 {[%emt 0:00:30]} Bd7 {[%emt 0:07:18]} 23. Bc1 {[%emt 0:01:17]} Bf8 {[%emt 0:03:55]} 24. Be3 {[%emt 0:03:20]} Be6 {[%emt 0:01:51]} 25. Nc3 {[%emt 0:02:46]} a6 {[%emt 0:00:30]} 26. Ke2 {[%emt 0:00:24]} Nd7 {[%emt 0:01:33]} 27. Na4 {[%emt 0:00:32]} Bb4 {[%emt 0:01:07]} 28. Bd2 {[%emt 0:05:27]} Bd6 {[%emt 0:01:37]} 29. c4 {[%emt 0:00:59]} h5 {[%emt 0:01:58]} 30. Kd3 {[%emt 0:02:40]} Kf7 {[%emt 0:17:04]} 31. Be3 {[%emt 0:03:12]} g5 {[%emt 0:01:33]} 32. h3 {[%emt 0:02:34]} h4 {[%emt 0:00:21]} 33. g4 {[%emt 0:00:32]} Ke7 {[%emt 0:01:23]} 34. Kc3 {[%emt 0:00:30]} c5 {[%emt 0:00:18]} 35. Kd3 {[%emt 0:00:49]} Kd8 {[%emt 0:00:42]} 36. Nc3 {[%emt 0:00:12]} Bc7 37. Na4 {[%emt 0:00:24]} Bxa5 {[%emt 0:00:56]} 38. Nxc5 {[%emt 0:00:01]} Nxc5+ {[%emt 0:00:18]} 39. Bxc5 {[%emt 0:01:11]} Kd7 {[%emt 0:00:19]} 40. b4 {[%emt 0:00:47]} Bd8 {[%emt 0:02:52]} 41. Kc3 {[%emt 0:00:28]} Kc6 {[%emt 0:00:24]} 42. Bf8 {[%emt 0:00:39]} b6 43. Bf1 {[%emt 0:00:42]} a5 {[%emt 0:01:17]} 44. b5+ {[%emt 0:00:30]} Kd7 {[%emt 0:00:31]} 45. c5 {[%emt 0:00:30]} bxc5 {[%emt 0:01:07]} 46. Bxc5 {[%emt 0:00:19]} Be7 {[%emt 0:00:34]} 47. Bxe7 {[%emt 0:00:30]} Kxe7 {[%emt 0:01:00]} 48. Bc4 {[%emt 0:00:44]} Bd7 {[%emt 0:00:30]} 49. b6 {[%emt 0:00:54]} Kd6 {[%emt 0:00:08]} 50. Kb3 {[%emt 0:00:30]} Bc6 {[%emt 0:00:30]} 51. Bd5 {[%emt 0:01:30]} Bb5 {[%emt 0:00:39]} 52. Ka3 {[%emt 0:00:30]} Bf1 {[%emt 0:00:07]} 53. Ka4 {[%emt 0:00:34]} Bxh3 54. Bc4 {[%emt 0:00:17]} Bg2 {[%emt 0:04:56]} 55. Kxa5 {[%emt 0:00:35]} h3 {[%emt 0:00:31]} 56. Ka6 Bxe4 0-1

[Event "CAT-chT Honor Division 2019"]
[Site "Catalonia"]
[Date "2019.02.09"]
[Round "4.8"]
[White "Chueca Forcen, Alberto"]
[Black "Garcia Acosta, Roger"]
[Result "1-0"]
[WhiteElo "2270"]
[BlackElo "2096"]
[Annotator "NA"]
[PlyCount "59"]
[EventDate "2019.01.16"]
[EventType "team-tourn"]
[EventCountry "ESP"]
[SourceTitle "playchess.com"]
[Source "ChessBase"]
[SourceQuality "1"]
[WhiteTeam "Escola Escacs BCN"]
[BlackTeam "Cerdanyola Valles"]
[TimeControl "5400+30"]

1. d4 d5 2. c4 e6 3. Nc3 Nf6 4. Bg5 Be7 5. e3 h6 6. Bh4 b6 7. Nf3 O-O 8. Be2 Bb7 9. Bxf6 Bxf6 10. cxd5 exd5 11. b4 c5 12. bxc5 bxc5 13. Rc1 c4 14. O-O Re8 15. Nd2 Bc6 16. Bf3 Qd7 17. Rb1 Na6 18. g3 Rab8 19. Bg2 Rb6 20. Rxb6 axb6 21. Qf3 Re6 22. Nxd5 Nb4 23. e4 Bxd5 24. exd5 Re8 25. Nxc4 Bxd4 26. Qf4 Bc5 27. Nxb6 Qd8 28. Na4 Nxd5 29. Qf5 Bxf2+ 30. Qxf2 1-0

[Event "CAT-chT Honor Division 2019"]
[Site "Catalonia"]
[Date "2019.02.09"]
[Round "4.8"]
[White "Castellano Egea, Einar"]
[Black "Salagran Ferragut, Guillem"]
[Result "0-1"]
[WhiteElo "2158"]
[BlackElo "2105"]
[Annotator "NA"]
[PlyCount "114"]
[EventDate "2019.01.16"]
[EventType "team-tourn"]
[EventCountry "ESP"]
[SourceTitle "playchess.com"]
[Source "ChessBase"]
[SourceQuality "1"]
[WhiteTeam "Sant Andreu"]
[BlackTeam "Gerunda"]
[TimeControl "5400+30"]

1. e4 {[%emt 0:00:00]} e6 {[%emt 0:00:00]} 2. b3 {[%emt 0:00:04]} d5 {[%emt 0:00:00]} 3. Bb2 {[%emt 0:00:07]} Nc6 {[%emt 0:00:18]} 4. exd5 {[%emt 0:11:49]} exd5 {[%emt 0:00:05]} 5. Bb5 {[%emt 0:00:45]} Nge7 {[%emt 0:00:59]} 6. Qe2 {[%emt 0:02:12]} Be6 {[%emt 0:01:39]} 7. Nf3 {[%emt 0:09:18]} a6 {[%emt 0:00:07]} 8. Bxc6+ {[%emt 0:12:56]} Nxc6 {[%emt 0:00:31]} 9. O-O {[%emt 0:01:56]} Qd7 {[%emt 0:00:30]} 10. Ng5 {[%emt 0:12:01]} O-O-O {[%emt 0:01:16]} 11. Nxe6 {[%emt 0:00:04]} fxe6 {[%emt 0:00:12]} 12. d4 {[%emt 0:13:17]} h5 {[%emt 0:12:11]} 13. Nd2 {[%emt 0:12:18]} g5 {[%emt 0:01:13]} 14. Rfe1 {[%emt 0:01:57]} Re8 {[%emt 0:18:41]} 15. c4 {[%emt 0:00:06]} Bg7 16. Nf3 {[%emt 0:00:08]} g4 {[%emt 0:12:24]} 17. Ne5 {[%emt 0:00:11]} Bxe5 {[%emt 0:07:01]} 18. dxe5 {[%emt 0:04:44]} dxc4 {[%emt 0:02:29]} 19. bxc4 Ne7 {[%emt 0:01:17]} 20. Rab1 {[%emt 0:05:23]} Qc6 {[%emt 0:08:20]} 21. Bc3 {[%emt 0:10:11]} h4 {[%emt 0:08:40]} 22. Qe4 {[%emt 0:00:00]} Qxe4 {[%emt 0:02:25]} 23. Rxe4 {[%emt 0:00:48]} Reg8 {[%emt 0:00:46]} 24. Rf4 {[%emt 0:00:41]} Nf5 {[%emt 0:04:32]} 25. c5 Rh7 26. c6 {[%emt 0:01:26]} b6 {[%emt 0:02:20]} 27. Ra4 {[%emt 0:00:06]} Ne7 {[%emt 0:00:45]} 28. Rxa6 {[%emt 0:00:17]} Nxc6 {[%emt 0:00:09]} 29. Ra8+ {[%emt 0:00:30]} Nb8 {[%emt 0:00:05]} 30. Ra7 {[%emt 0:00:38]} Rd7 31. a4 {[%emt 0:00:31]} Rgd8 {[%emt 0:03:33]} 32. Kf1 {[%emt 0:00:01]} Rd1+ {[%emt 0:05:16]} 33. Rxd1 {[%emt 0:00:30]} Rxd1+ {[%emt 0:00:00]} 34. Be1 {[%emt 0:00:00]} Rd5 35. f4 {[%emt 0:00:21]} Rd4 {[%emt 0:05:12]} 36. Bxh4 {[%emt 0:01:30]} Rxf4+ 37. Kg1 {[%emt 0:00:14]} Kd7 {[%emt 0:00:39]} 38. Ra8 {[%emt 0:00:22]} Rf8 {[%emt 0:00:00]} 39. Bf6 {[%emt 0:01:19]} Kc6 {[%emt 0:00:35]} 40. h4 {[%emt 0:00:30]} gxh3 {[%emt 0:00:30]} 41. gxh3 {[%emt 0:00:00]} Kb7 {[%emt 0:00:12]} 42. Rxb8+ {[%emt 0:00:00]} Kxb8 {[%emt 0:01:05]} 43. h4 {[%emt 0:00:02]} Rf7 {[%emt 0:03:01]} 44. Kf2 {[%emt 0:01:21]} Kc8 {[%emt 0:01:01]} 45. Kg3 {[%emt 0:00:14]} Kd7 {[%emt 0:00:15]} 46. h5 {[%emt 0:00:32]} Ke8 {[%emt 0:00:13]} 47. Kf4 {[%emt 0:00:21]} Kf8 48. Kg5 {[%emt 0:00:05]} Kg8 {[%emt 0:01:00]} 49. Kg6 {[%emt 0:01:00]} c5 50. Bd8 {[%emt 0:00:13]} c4 {[%emt 0:01:48]} 51. Bxb6 {[%emt 0:00:35]} c3 {[%emt 0:00:11]} 52. h6 {[%emt 0:00:09]} c2 {[%emt 0:01:28]} 53. Be3 Rf1 54. h7+ {[%emt 0:01:21]} Kh8 {[%emt 0:00:33]} 55. Bh6 {[%emt 0:00:10]} Rg1+ {[%emt 0:00:21]} 56. Kf7 {[%emt 0:00:04]} Kxh7 {[%emt 0:00:22]} 57. Be3 {[%emt 0:00:05]} Re1 0-1

[Event "CAT-chT Honor Division 2019"]
[Site "Catalonia"]
[Date "2019.02.09"]
[Round "4.9"]
[White "Mundet Riera, Jaume"]
[Black "Travesset Ribera, Daniel"]
[Result "1-0"]
[WhiteElo "2090"]
[BlackElo "2118"]
[Annotator "NA"]
[PlyCount "117"]
[EventDate "2019.01.16"]
[EventType "team-tourn"]
[EventCountry "ESP"]
[SourceTitle "playchess.com"]
[Source "ChessBase"]
[SourceQuality "1"]
[WhiteTeam "Gerunda"]
[BlackTeam "Sant Andreu"]
[TimeControl "5400+30"]

1. d4 {[%emt 0:00:23]} Nf6 {[%emt 0:00:00]} 2. Bg5 {[%emt 0:00:53]} d5 3. Bxf6 {[%emt 0:00:05]} exf6 {[%emt 0:00:23]} 4. e3 {[%emt 0:06:50]} c6 {[%emt 0:01:08]} 5. c4 {[%emt 0:00:12]} dxc4 {[%emt 0:00:29]} 6. Bxc4 {[%emt 0:01:20]} Bd6 {[%emt 0:02:23]} 7. Nc3 {[%emt 0:03:58]} f5 {[%emt 0:01:31]} 8. Nge2 {[%emt 0:04:27]} O-O {[%emt 0:15:07]} 9. Qc2 {[%emt 0:03:50]} Qe7 {[%emt 0:02:17]} 10. g3 {[%emt 0:13:44]} Nd7 {[%emt 0:04:17]} 11. O-O {[%emt 0:04:45]} g6 {[%emt 0:05:22]} 12. a4 {[%emt 0:05:09]} Nf6 {[%emt 0:08:01]} 13. Rfe1 {[%emt 0:04:48]} Bd7 {[%emt 0:05:29]} 14. Nf4 {[%emt 0:09:50]} Rfe8 {[%emt 0:05:03]} 15. Re2 {[%emt 0:06:15]} Rad8 {[%emt 0:04:03]} 16. Nd3 {[%emt 0:03:23]} Kg7 {[%emt 0:04:32]} 17. Kg2 {[%emt 0:13:36]} h5 {[%emt 0:12:33]} 18. h4 {[%emt 0:03:52]} Bc8 {[%emt 0:02:16]} 19. Rd1 {[%emt 0:03:53]} b6 {[%emt 0:02:27]} 20. Nf4 {[%emt 0:03:34]} Bb7 {[%emt 0:05:24]} 21. Kg1 {[%emt 0:01:17]} a6 {[%emt 0:01:33]} 22. Nh3 {[%emt 0:00:44]} b5 {[%emt 0:02:49]} 23. Ba2 {[%emt 0:00:05]} b4 {[%emt 0:00:30]} 24. Nb1 {[%emt 0:00:22]} Ne4 {[%emt 0:04:10]} 25. Nd2 {[%emt 0:01:04]} c5 {[%emt 0:04:18]} 26. d5 {[%emt 0:01:23]} Nf6 {[%emt 0:01:39]} 27. Nf3 {[%emt 0:00:30]} Rd7 {[%emt 0:03:23]} 28. Nhg5 {[%emt 0:01:28]} Ne4 {[%emt 0:01:18]} 29. Bc4 {[%emt 0:01:30]} Qf6 30. Qd3 {[%emt 0:01:04]} Ra8 {[%emt 0:00:34]} 31. Qb3 {[%emt 0:00:31]} Re8 {[%emt 0:00:31]} 32. Nxe4 {[%emt 0:00:19]} fxe4 {[%emt 0:01:15]} 33. Ng5 {[%emt 0:00:34]} Re5 {[%emt 0:00:27]} 34. Qc2 {[%emt 0:00:37]} Rde7 {[%emt 0:00:21]} 35. Red2 {[%emt 0:00:28]} Bc8 {[%emt 0:00:51]} 36. Be2 {[%emt 0:00:11]} Rxg5 {[%emt 0:00:03]} 37. hxg5 {[%emt 0:00:30]} Qxg5 {[%emt 0:00:30]} 38. Bf1 {[%emt 0:00:56]} Bg4 {[%emt 0:01:04]} 39. Rc1 {[%emt 0:00:23]} Bf3 {[%emt 0:00:30]} 40. Bg2 {[%emt 0:00:42]} h4 {[%emt 0:00:48]} 41. Qc4 {[%emt 0:00:31]} hxg3 {[%emt 0:00:36]} 42. Qf1 {[%emt 0:00:20]} Qh4 {[%emt 0:00:15]} 43. fxg3 {[%emt 0:00:20]} Qxg3 44. Qf2 {[%emt 0:00:05]} Qh2+ {[%emt 0:00:57]} 45. Kf1 {[%emt 0:00:17]} Bg3 {[%emt 0:00:49]} 46. Qg1 {[%emt 0:00:37]} Qh5 {[%emt 0:00:14]} 47. d6 {[%emt 0:01:08]} Re5 {[%emt 0:00:46]} 48. Qh1 {[%emt 0:00:30]} Be2+ {[%emt 0:00:33]} 49. Kg1 {[%emt 0:00:13]} Qg5 {[%emt 0:00:14]} 50. Rxe2 {[%emt 0:00:31]} Rd5 {[%emt 0:00:33]} 51. Rf1 {[%emt 0:00:32]} Rd3 {[%emt 0:00:21]} 52. Qh3 {[%emt 0:00:59]} Rxd6 {[%emt 0:00:51]} 53. Bxe4 {[%emt 0:00:19]} Be5+ {[%emt 0:00:23]} 54. Qg2 {[%emt 0:00:29]} Qh4 {[%emt 0:00:25]} 55. Ref2 {[%emt 0:00:38]} Rd7 56. Rxf7+ {[%emt 0:00:05]} Rxf7 {[%emt 0:00:45]} 57. Qxg6+ {[%emt 0:00:08]} Kh8 {[%emt 0:00:11]} 58. Rxf7 {[%emt 0:00:30]} Qe1+ {[%emt 0:00:30]} 59. Kg2 {[%emt 0:00:30]} 1-0

[Event "CAT-chT Honor Division 2019"]
[Site "Catalonia"]
[Date "2019.02.09"]
[Round "4.9"]
[White "Guasch Sariol, Jaume"]
[Black "Orteu Capdevila, Max"]
[Result "0-1"]
[WhiteElo "2085"]
[BlackElo "2160"]
[Annotator "NA"]
[PlyCount "48"]
[EventDate "2019.01.16"]
[EventType "team-tourn"]
[EventCountry "ESP"]
[SourceTitle "playchess.com"]
[Source "ChessBase"]
[SourceQuality "1"]
[WhiteTeam "Cerdanyola Valles"]
[BlackTeam "Escola Escacs BCN"]
[TimeControl "5400+30"]

1. d4 Nf6 2. c4 e6 3. Nc3 Bb4 4. e3 b6 5. Nge2 c5 6. a3 Ba5 7. Nf4 O-O 8. Be2 Bb7 9. O-O Bxc3 10. bxc3 d6 11. f3 e5 12. Nh3 Nc6 13. d5 Na5 14. Bd3 Ba6 15. Qe2 Qd7 16. a4 e4 17. fxe4 Qg4 18. Rf3 Nxe4 19. Qc2 f5 20. Rf4 Qg6 21. Bxe4 fxe4 22. Qxe4 Qxe4 23. Rxe4 Bxc4 24. Re6 Rf1# 0-1

[Event "CAT-chT Honor Division 2019"]
[Site "Catalonia"]
[Date "2019.02.09"]
[Round "4.10"]
[White "Avila Jimenez, Xavier"]
[Black "Borges Ayats, Joaquim"]
[Result "1/2-1/2"]
[WhiteElo "2159"]
[BlackElo "1968"]
[Annotator "NA"]
[PlyCount "147"]
[EventDate "2019.01.16"]
[EventType "team-tourn"]
[EventCountry "ESP"]
[SourceTitle "playchess.com"]
[Source "ChessBase"]
[SourceQuality "1"]
[WhiteTeam "Escola Escacs BCN"]
[BlackTeam "Cerdanyola Valles"]
[TimeControl "5400+30"]

1. d4 d5 2. c4 c6 3. cxd5 cxd5 4. Bf4 Nf6 5. e3 Nc6 6. Bd3 Qb6 7. Nc3 a6 8. Nge2 e6 9. O-O Be7 10. h3 O-O 11. Na4 Qd8 12. Rc1 Bd7 13. f3 Rc8 14. Nc5 Qb6 15. Nc3 Na5 16. N3a4 Bxa4 17. Nxa4 Qa7 18. Qe2 b5 19. Nc3 Nc4 20. Kh1 Nh5 21. Bh2 Bd6 22. f4 Nf6 23. e4 dxe4 24. Nxe4 Qxd4 25. Rcd1 Nxe4 26. Bxe4 Qe3 27. Qf3 Qxf3 28. Rxf3 Bc5 29. Rb3 Rcd8 30. Rc1 Rd4 31. Bf3 Rd2 32. Bb7 Rfd8 33. Rf3 Rd1+ 34. Rf1 Rxf1+ 35. Rxf1 Nxb2 36. Bxa6 b4 37. Be2 Rd2 38. Rc1 Na4 39. Bf3 Nc3 40. a3 Rb2 41. axb4 Bxb4 42. Bg1 Rb1 43. Rc2 Kf8 44. Kh2 Nd5 45. g3 Rb3 46. Rc8+ Ke7 47. Bg2 Rc3 48. Rb8 Bc5 49. Rb7+ Kf6 50. Bxc5 Rxc5 51. Rb2 h6 52. Re2 Rc3 53. h4 Ne3 54. Bh3 Rc2 55. Rxc2 Nxc2 56. Bg2 Kf5 57. Bc6 Nd4 58. Be8 f6 59. Kg2 Ke4 60. Kf2 Nb3 61. Bc6+ Kf5 62. Kg2 Nd4 63. Bd7 Ke4 64. Bc8 e5 65. Bb7+ Ke3 66. fxe5 fxe5 67. Kh3 Ne6 68. Kg4 Nd4 69. Kh5 Nf5 70. g4 Ng3+ 71. Kg6 Kf4 72. g5 hxg5 73. hxg5 e4 74. Bxe4 1/2-1/2

[Event "CAT-chT Honor Division 2019"]
[Site "Catalonia"]
[Date "2019.02.09"]
[Round "4.10"]
[White "Bautista Sanchez, Joan"]
[Black "Carrasco Holgado, David"]
[Result "1-0"]
[WhiteElo "2065"]
[BlackElo "2065"]
[Annotator "NA"]
[PlyCount "73"]
[EventDate "2019.01.16"]
[EventType "team-tourn"]
[EventCountry "ESP"]
[SourceTitle "playchess.com"]
[Source "ChessBase"]
[SourceQuality "1"]
[WhiteTeam "Sant Andreu"]
[BlackTeam "Gerunda"]
[TimeControl "5400+30"]

1. Nf3 f5 {[%emt 0:00:09]} 2. c4 {[%emt 0:00:00]} Nf6 {[%emt 0:01:24]} 3. Nc3 {[%emt 0:00:16]} d6 {[%emt 0:01:55]} 4. g3 {[%emt 0:00:35]} g6 {[%emt 0:01:06]} 5. Bg2 {[%emt 0:00:29]} Bg7 {[%emt 0:03:20]} 6. d3 {[%emt 0:00:17]} O-O 7. O-O {[%emt 0:01:31]} c6 {[%emt 0:01:06]} 8. Rb1 {[%emt 0:02:45]} e5 {[%emt 0:12:11]} 9. Qc2 {[%emt 0:01:53]} Qe8 {[%emt 0:00:30]} 10. b4 {[%emt 0:05:04]} Na6 {[%emt 0:04:20]} 11. b5 {[%emt 0:01:38]} Nc5 {[%emt 0:03:13]} 12. bxc6 {[%emt 0:03:14]} bxc6 {[%emt 0:28:37]} 13. Nd2 {[%emt 0:00:44]} Qd7 {[%emt 0:03:14]} 14. Ba3 {[%emt 0:05:01]} Ne6 {[%emt 0:02:08]} 15. Qa4 {[%emt 0:00:30]} Nd8 {[%emt 0:09:00]} 16. Qb4 {[%emt 0:05:42]} Ne8 {[%emt 0:02:52]} 17. Qb3 {[%emt 0:07:20]} Rf7 {[%emt 0:09:11]} 18. c5 {[%emt 0:01:46]} Bb7 {[%emt 0:00:34]} 19. cxd6 {[%emt 0:05:21]} Nxd6 {[%emt 0:01:16]} 20. Na4 {[%emt 0:01:27]} Ne6 {[%emt 0:00:25]} 21. Nc5 {[%emt 0:00:07]} Nxc5 22. Bxc5 {[%emt 0:02:07]} Nb5 {[%emt 0:05:48]} 23. Nc4 {[%emt 0:01:51]} Re8 {[%emt 0:01:40]} 24. Na5 {[%emt 0:02:25]} Ba8 {[%emt 0:03:36]} 25. Nxc6 {[%emt 0:00:09]} Bxc6 {[%emt 0:00:21]} 26. Bxc6 {[%emt 0:00:30]} Qxc6 {[%emt 0:00:43]} 27. Qxb5 {[%emt 0:01:48]} Qe6 {[%emt 0:03:18]} 28. Qa4 {[%emt 0:03:59]} f4 {[%emt 0:00:58]} 29. Bxa7 {[%emt 0:00:22]} Ra8 {[%emt 0:00:30]} 30. Rb8+ {[%emt 0:00:22]} Rf8 {[%emt 0:00:10]} 31. Rfb1 {[%emt 0:00:54]} fxg3 {[%emt 0:01:12]} 32. hxg3 {[%emt 0:00:36]} Qf7 {[%emt 0:00:22]} 33. Rxa8 {[%emt 0:00:16]} Rxa8 {[%emt 0:00:09]} 34. Rb8+ {[%emt 0:00:30]} Rxb8 {[%emt 0:00:30]} 35. Bxb8 {[%emt 0:00:00]} Bf6 {[%emt 0:00:56]} 36. Qc4 {[%emt 0:00:00]} Qxc4 {[%emt 0:00:42]} 37. dxc4 {[%emt 0:00:15]} 1-0

[Event "CAT-chT Honor Division 2019"]
[Site "Catalonia"]
[Date "2019.02.16"]
[Round "5.1"]
[White "Magem Badals, Jordi"]
[Black "Campos Moreno, Javier B."]
[Result "1/2-1/2"]
[WhiteElo "2522"]
[BlackElo "2430"]
[Annotator "TA"]
[PlyCount "67"]
[EventDate "2019.01.16"]
[EventType "team-tourn"]
[EventCountry "ESP"]
[SourceTitle "playchess.com"]
[Source "ChessBase"]
[SourceQuality "1"]
[WhiteTeam "Colon Sabadell Chessy"]
[BlackTeam "Figueres"]

{[%evp 15,67,27,39,39,48,34,39,47,50,24,25,18,37,37,35,14,41,33,39,23,44,48,37,31,46,35,57,53,56,54,56,23,28,20,21,21,21,17,17,17,18,11,11,11,18,11,18,11,18,18,18,11,11,11]} 1. e4 e5 2. Nf3 Nc6 3. Bb5 a6 4. Ba4 Nf6 5. Nc3 d6 6. Bxc6+ bxc6 7. d4 exd4 8. Nxd4 c5 {LiveBook: 4 Games. C77: Ruy Lopez: 3...a6 4 Ba4 Nf6, unusual lines} (8... Bd7 9. O-O Be7 10. h3 O-O 11. Qf3 Re8 12. b3 h6 13. Bb2 Nh7 14. Qd3 Bf6 15. f4 c5 16. Nde2 Bb5 17. Nxb5 Bxb2 {½-½ (34) Moussard,J (2605)-Lemos,D (2474) Caleta 2019}) 9. Nc6 Qd7 10. Na5 Qg4 $146 {White is slightly better.} ({Predecessor:} 10... g6 11. Qf3 Ng4 12. h3 Ne5 13. Qf6 Rg8 14. Qh4 f5 15. f4 Nf7 16. Qxh7 {0-1 (29) Sadikhov,U (2491)-Nikitenko,M (2368) Manavgat 2018}) 11. Qxg4 Bxg4 12. f3 Be6 13. Bg5 Nd7 14. O-O-O h6 15. Be3 (15. Bd2 {with more complications.} Be7 16. Nd5 Bxd5 17. exd5 O-O-O 18. c4) 15... Be7 16. Nd5 Bxd5 17. exd5 Nb6 18. c4 Kd7 19. b3 Rae8 20. Nc6 Bf6 21. Rhe1 Kc8 22. Bd2 Nd7 23. Rxe8+ (23. f4 {is interesting.} Nb8 24. Na5 h5 25. Kc2 Kd7 26. Kd3) 23... Rxe8 24. Re1 Rxe1+ {The position is equal.} 25. Bxe1 Ne5 26. Nxe5 Bxe5 $11 {[%mdl 4096] Endgame KB-KB} 27. h3 c6 28. Ba5 cxd5 29. cxd5 Bg3 30. Kd2 f5 31. Kd3 h5 32. Bc3 g6 33. b4 cxb4 34. Bxb4 {Precision: White = 47%, Black = 46%.} 1/2-1/2

[Event "CAT-chT Honor Division 2019"]
[Site "Catalonia"]
[Date "2019.02.16"]
[Round "5.1"]
[White "Perez Mitjans, Orelvis"]
[Black "Lagarde, Maxime"]
[Result "1-0"]
[WhiteElo "2377"]
[BlackElo "2610"]
[Annotator "TA"]
[PlyCount "113"]
[EventDate "2019.01.16"]
[EventType "team-tourn"]
[EventCountry "ESP"]
[SourceTitle "playchess.com"]
[Source "ChessBase"]
[SourceQuality "1"]
[WhiteTeam "Sant Josep Badalona"]
[BlackTeam "Barcelona"]

{[%evp 10,113,45,44,39,57,46,30,66,49,75,63,67,16,10,10,27,0,22,22,19,0,0,0,0,-8,33,41,37,37,26,4,1,0,0,0,0,0,4,0,0,0,0,0,0,0,2,0,0,0,0,0,0,0,0,0,0,0,0,0,0,0,0,0,0,0,28,0,8,12,20,20,22,0,0,0,0,0,0,0,0,0,0,0,0,0,0,0,0,0,0,0,0,0,29985,29986,29986,29987,29987,29988,29988,29989,29989,29990,29990,29991]} 1. e4 c5 2. Nf3 Nc6 3. Bb5 g6 4. c3 Qb6 5. Ba4 Bg7 6. O-O {LiveBook: 13 Games} Nf6 {B31: Sicilian: 2...Nc6 3 Bb5 g6} (6... e5 7. Na3 Nge7 8. Nb5 O-O 9. Nd6 Qc7 10. Nxc8 Raxc8 11. d3 d5 12. Qe2 a6 13. Bd2 Qd6 14. Bc2 {0-1 (50) Havasi,G (2336)-Seres,L (2408) Budapest 2014}) 7. e5 Nd5 8. Bb3 $146 ({Predecessor:} 8. d4 cxd4 9. cxd4 O-O 10. Nc3 Nxc3 11. bxc3 d5 12. exd6 exd6 13. Bf4 d5 14. Re1 {½-½ (31) Koba,I (2239)-Ulyanin,S (2306) St Petersburg 2009}) 8... e6 {White has an edge.} 9. d4 cxd4 10. cxd4 d6 11. Na3 ({White should play} 11. exd6 $14 Qd8 12. Bxd5 exd5 13. Bf4) 11... dxe5 $11 12. dxe5 O-O 13. Qe2 Nd4 14. Nxd4 Qxd4 15. Nc4 Bd7 16. Rd1 Qh4 17. Ne3 Nxe3 18. Rxd7 Nf5 19. g3 Qb4 $1 20. Bd2 Qb6 21. Qe4 Rfd8 22. Rxb7 Qd4 $1 {[%cal Rd4e4]} 23. Qxd4 Nxd4 24. Ba5 Rdb8 25. Rxb8+ Rxb8 26. f4 Bf8 27. Bc3 Nxb3 28. axb3 {[%mdl 4096] Endgame KRB-KRB} Bc5+ 29. Kg2 Rxb3 30. Rd1 h5 31. h3 Kf8 32. Rd7 Be3 33. Rd1 Ke8 34. Kf3 Bc5 35. Ke4 Bb4 36. Kd4 {[#] Threatens to win with Kc4.} Bxc3+ 37. bxc3 {KR-KR} Rb2 38. Kc5 Rf2 39. h4 Rf3 40. c4 Rxg3 41. Kd6 a5 42. c5 a4 43. Rd4 a3 44. Ra4 {[%cal Ra4a8]} Rd3+ 45. Kc7 Rc3 46. c6 Ke7 47. Ra8 Rb3 48. Kc8 Rb6 (48... Rc3 $5 {[%cal Rc3c6]} 49. Ra7+ Ke8 $11) 49. Ra7+ Ke8 50. c7 Rb3 51. Rb7 a2 $2 {[%mdl 8192] [#]} (51... Rc3 $11) 52. Rxb3 {White mates.} a1=Q 53. Kb8 Kf8 54. c8=Q+ Kg7 55. Qd8 Qa4 56. Qf6+ Kg8 57. Rb7 {Precision: White = 74%, Black = 66%.} 1-0

[Event "CAT-chT Honor Division 2019"]
[Site "Catalonia"]
[Date "2019.02.16"]
[Round "5.2"]
[White "Bellahcene, Bilel"]
[Black "Gallego Alcaraz, Andres Felipe"]
[Result "0-1"]
[WhiteElo "2558"]
[BlackElo "2502"]
[Annotator "TA"]
[PlyCount "74"]
[EventDate "2019.01.16"]
[EventType "team-tourn"]
[EventCountry "ESP"]
[SourceTitle "playchess.com"]
[Source "ChessBase"]
[SourceQuality "1"]
[WhiteTeam "Barcelona"]
[BlackTeam "Sant Josep Badalona"]

{[%evp 23,74,45,52,-123,-118,-125,-125,-184,-186,-236,-227,-262,-254,-308,-221,-239,-227,-231,-227,-249,-229,-293,-219,-292,-288,-347,-378,-381,-369,-336,-365,-383,-372,-383,-326,-333,-339,-337,-329,-312,-332,-377,-377,-366,-355,-377,-356,-385,-385,-520,-479,-497,-475]} 1. e4 c5 2. Nf3 d6 3. d4 cxd4 4. Nxd4 Nf6 5. Nc3 Nc6 6. Bg5 e6 7. Qd2 a6 8. O-O-O Bd7 9. f4 h6 10. Bh4 g5 11. fxg5 Ng4 12. Nf3 hxg5 13. Bxg5 $2 {B67: Sicilian: Richter-Rauzer: 7...a6 8 0-0-0 Bd7, lines without 9 f4 Be7} (13. Bg3 $14 {stays ahead.}) (13. Bg3 Be7 14. Bxd6 Bxd6 15. Qxd6 Nf2 16. Nd5 exd5 17. exd5 Be6 18. dxc6 Qxd6 19. Rxd6 Nxh1 20. cxb7 Rb8 21. Bxa6 Ke7 {½-½ (44) Navara,D (2697)-Sanikidze,T (2549) Haguenau 2013}) 13... f6 $17 14. Bf4 {[#]} e5 $1 15. Nd5 (15. Kb1 $17 exf4 16. Qxf4) 15... exf4 $19 16. Bd3 $146 ({Predecessor:} 16. Nxf4 Qa5 17. Kb1 Qxd2 18. Rxd2 Bh6 19. g3 Nge5 20. Be2 Nxf3 21. Bxf3 Bxf4 22. gxf4 {0-1 (56) Moldovan,D (2435)-Botvinnik,I (2395) Bucharest 1993}) 16... Bh6 17. Rde1 Nce5 18. Be2 Nxf3 19. Bxf3 Ne5 20. Kb1 Be6 21. Rhf1 Bg5 22. h4 Bh6 23. g3 fxg3 24. Bh5+ Kd7 25. Qb4 Bxd5 26. exd5 Kc7 27. Qc3+ Kb8 28. Qxg3 Bd2 29. Re2 Rxh5 30. Rxd2 Ka7 31. Rdf2 Qb6 32. b3 Rah8 33. Rf4 R5h6 34. a4 Rg6 35. Qe1 Rg2 36. Qe4 Rh2 37. a5 Qc5 {Accuracy: White = 15%, Black = 79%.} 0-1